00314nam a2200121Ia 4500003000400000008004100004040001600045082001600061100001800077245003800095260005100133300000800184GCL140319s9999 xx 000 0 eng d aGCL / cGCL04a780.92bP P1 aPRICE, CURTES10aPURCELL STUDIES / cPRICE, CURTES a[S.N] : bCAMBRIBGE UNIVERSITY PRESS ، c1995 a305